[Event "2nd Edmonton International"]
[Site "Edmonton"]
[Date "2007.08.03"]
[Round "2"]
[White "Yanayt, Eugene"]
[Black "Khachiyan, Melikset"]
[Result "1/2-1/2"]
[WhiteElo "2335"]
[BlackElo "2490"]
[PlyCount "26"]
[EventDate "2007.08.02"]
[EventType "tourn"]
[EventRounds "9"]
[EventCountry "CAN"]
[TimeControl "6600+30"]

1. d4 d5 2. c4 c6 3. Nf3 Nf6 4. Nc3 dxc4 5. a4 Bf5 6. e3 e6 7. Bxc4 Bb4 8. O-O
O-O 9. Qe2 Nbd7 10. Rd1 Bg6 11. Bd3 Qa5 12. Bd2 Bxd3 13. Qxd3 Rad8 1/2-1/2

[Event "2nd Edmonton International"]
[Site "Edmonton"]
[Date "2007.08.03"]
[Round "3"]
[White "Aveskulov, Valeriy"]
[Black "Yanayt, Eugene"]
[Result "1-0"]
[WhiteElo "2539"]
[BlackElo "2335"]
[PlyCount "63"]
[EventDate "2007.08.02"]
[EventType "tourn"]
[EventRounds "9"]
[EventCountry "CAN"]
[TimeControl "6600+30"]

1. e4 c5 2. Nf3 d6 3. d4 cxd4 4. Nxd4 Nf6 5. Nc3 a6 6. Be2 e5 7. Nb3 Be7 8. O-O
O-O 9. Qd3 Be6 10. f4 b5 11. Nd5 Bxd5 12. exd5 Nbd7 13. a4 Qc7 14. Be3 Nb6 15.
fxe5 Nfxd5 16. e6 Nxe3 17. exf7+ Kh8 18. Qxe3 Nc4 19. Qd4 Bg5 20. Qd5 Qa7+ 21.
Kh1 Ne3 22. Qxg5 Nxf1 23. Rxf1 Rxf7 24. Rxf7 Qxf7 25. axb5 Qf2 26. Qd2 axb5 27.
h3 Re8 28. Nd4 h5 29. Qg5 Re5 30. Qd8+ Kh7 31. Bd3+ g6 32. Nf3 1-0

[Event "2nd Edmonton International"]
[Site "Edmonton"]
[Date "2007.08.03"]
[Round "3"]
[White "Bachmann, Axel"]
[Black "Huber, Greg"]
[Result "1-0"]
[WhiteElo "2466"]
[BlackElo "2211"]
[PlyCount "85"]
[EventDate "2007.08.02"]
[EventType "tourn"]
[EventRounds "9"]
[EventCountry "CAN"]
[TimeControl "6600+30"]

1. e4 c5 2. Nc3 e6 3. Nf3 a6 4. d4 cxd4 5. Nxd4 d6 6. Bd3 Be7 7. O-O Nf6 8. f4
Qc7 9. Kh1 O-O 10. Qe2 Nbd7 11. Bd2 g6 12. Nf3 b5 13. e5 Nh5 14. a4 bxa4 15.
Ne4 dxe5 16. fxe5 Nxe5 17. Nxe5 Qxe5 18. Bc3 Qc7 19. Rxa4 f5 20. Rc4 Qd7 21.
Nc5 Qd5 22. b4 Bf6 23. Bxf6 Nxf6 24. c3 a5 25. Rd4 Qc6 26. Bc4 axb4 27. cxb4
Ra7 28. Qe5 Qb6 29. Rb1 Kg7 30. Rd6 Qb8 31. Qd4 Re7 32. Bxe6 Rfe8 33. Re1 Qb5
34. h3 h5 35. Kh2 Qb8 36. Bxc8 Qxd6+ 37. Qxd6 Rxe1 38. Be6 h4 39. b5 Nh5 40.
Qd4+ Kh7 41. Qxh4 Rc1 42. Bxf5 Kh6 43. Ne6 1-0

[Event "2nd Edmonton International"]
[Site "Edmonton"]
[Date "2007.08.03"]
[Round "3"]
[White "Haessel, Dale"]
[Black "Reeve, Jeff"]
[Result "0-1"]
[WhiteElo "2136"]
[BlackElo "2205"]
[PlyCount "78"]
[EventDate "2007.08.02"]
[EventType "tourn"]
[EventRounds "9"]
[EventCountry "CAN"]
[TimeControl "6600+30"]

1. d4 Nf6 2. c4 e6 3. g3 Bb4+ 4. Bd2 a5 5. Bg2 O-O 6. Nf3 Qe7 7. O-O Bxd2 8.
Qxd2 d6 9. Nc3 e5 10. Rfd1 Nc6 11. dxe5 Nxe5 12. Nd5 Nxd5 13. cxd5 Nxf3+ 14.
Bxf3 Bf5 15. Rac1 Rfc8 16. Qf4 Bd7 17. Rc3 Ra6 18. Rd4 b5 19. Qc1 Ra7 20. Qe3
Qxe3 21. Rxe3 Kf8 22. h4 Re8 23. Rc3 Ke7 24. Kf1 b4 25. Re3+ Kd8 26. Rxe8+ Bxe8
27. e3 Rb7 28. Ke1 Rb5 29. Kd2 f5 30. e4 g6 31. Be2 Rc5 32. Bd3 fxe4 33. Bxe4
Ke7 34. Bg2 Bd7 35. Re4+ Kd8 36. Re3 Bf5 37. Ke1 Rc1+ 38. Kd2 Rc2+ 39. Ke1 Rxb2
0-1

[Event "2nd Edmonton International"]
[Site "Edmonton"]
[Date "2007.08.03"]
[Round "3"]
[White "Khachiyan, Melikset"]
[Black "Donaldson, John"]
[Result "1/2-1/2"]
[WhiteElo "2490"]
[BlackElo "2413"]
[PlyCount "27"]
[EventDate "2007.08.02"]
[EventType "tourn"]
[EventRounds "9"]
[EventCountry "CAN"]
[TimeControl "6600+30"]

1. e4 c5 2. Nf3 Nc6 3. d4 cxd4 4. Nxd4 g6 5. Nc3 Bg7 6. Nb3 Nf6 7. Be2 O-O 8.
O-O d6 9. Bg5 a5 10. a4 Be6 11. f4 Rc8 12. f5 Bxb3 13. cxb3 Nb4 14. Bc4 1/2-1/2

[Event "2nd Edmonton International"]
[Site "Edmonton"]
[Date "2007.08.03"]
[Round "3"]
[White "Kraai, Jesse"]
[Black "Li, Zhichao"]
[Result "1/2-1/2"]
[WhiteElo "2525"]
[BlackElo "2143"]
[PlyCount "128"]
[EventDate "2007.08.02"]
[EventType "tourn"]
[EventRounds "9"]
[EventCountry "CAN"]
[TimeControl "6600+30"]

1. Nf3 d5 2. d4 c6 3. c4 Nf6 4. cxd5 cxd5 5. Nc3 Nc6 6. Bf4 a6 7. Rc1 e6 8. e3
Bd6 9. Bxd6 Qxd6 10. Be2 O-O 11. O-O Bd7 12. Na4 Na7 13. Nc5 Rab8 14. Qb3 Bb5
15. Bxb5 Nxb5 16. Rc2 Qe7 17. Rfc1 Nd6 18. Ne5 Rbc8 19. Qb6 Rc7 20. Ncd3 Rxc2
21. Rxc2 Nfe8 22. Nc5 f6 23. Ned3 g5 24. h3 Rf7 25. Rc1 h6 26. b3 Kh7 27. Qb4
Ng7 28. Qd2 Qe8 29. Na4 Re7 30. Qc2 Qg6 31. Qd2 Nge8 32. Ndc5 Kg8 33. Nb6 Qf7
34. f3 Rc7 35. a4 Nc8 36. Na8 Rc6 37. Nxa6 Qd7 38. Nc5 Qe7 39. a5 Ned6 40. Qd3
Qh7 41. Qxh7+ Kxh7 42. Ra1 e5 43. b4 exd4 44. exd4 Nb5 45. Nxb7 Ra6 46. Rc1
Rxa8 47. Rc5 Nxd4 48. Rxd5 Nc6 49. Rb5 Ra6 50. Rc5 N6e7 51. b5 Re6 52. Kf2 Kg6
53. Rc7 Re5 54. Nc5 Nd6 55. b6 Nd5 56. b7 Nxb7 57. Rxb7 Nf4 58. Nb3 Re2+ 59.
Kf1 Rxg2 60. a6 Ra2 61. a7 Kh5 62. Nd4 Kh4 63. Nc6 Nd3 64. Rb8 Kg3 1/2-1/2

[Event "2nd Edmonton International"]
[Site "Edmonton"]
[Date "2007.08.04"]
[Round "4"]
[White "Aveskulov, Valeriy"]
[Black "Bachmann, Axel"]
[Result "1-0"]
[WhiteElo "2539"]
[BlackElo "2466"]
[PlyCount "57"]
[EventDate "2007.08.02"]
[EventType "tourn"]
[EventRounds "9"]
[EventCountry "CAN"]
[TimeControl "6600+30"]

1. e4 g6 2. d4 Bg7 3. Nc3 d6 4. f4 Nf6 5. Nf3 O-O 6. Bd3 Nc6 7. e5 Nd7 8. Ne4
Nb6 9. c3 Bf5 10. O-O e6 11. Qe2 d5 12. Nc5 Bxd3 13. Qxd3 Rb8 14. Ng5 Qe8 15.
Qh3 h6 16. Nf3 h5 17. Ng5 Bh6 18. Nf3 Bg7 19. b3 Qd8 20. Nxe6 fxe6 21. Qxe6+
Kh8 22. Qxg6 Qe8 23. Qg5 Qe6 24. Nh4 Qh6 25. Qg3 Qh7 26. f5 Bh6 27. Ng6+ Kg8
28. Nxf8+ Kxf8 29. Qg6 1-0

[Event "2nd Edmonton International"]
[Site "Edmonton"]
[Date "2007.08.04"]
[Round "4"]
[White "Huber, Greg"]
[Black "Haessel, Dale"]
[Result "1/2-1/2"]
[WhiteElo "2136"]
[BlackElo "2211"]
[PlyCount "137"]
[EventDate "2007.08.02"]
[EventType "tourn"]
[EventRounds "9"]
[EventCountry "CAN"]
[TimeControl "6600+30"]

1. e4 e5 2. Nc3 Nf6 3. f4 d5 4. fxe5 Nxe4 5. d3 Nxc3 6. bxc3 Nc6 7. Nf3 d4 8.
Be2 Bc5 9. O-O dxc3+ 10. Kh1 O-O 11. Qe1 Nd4 12. Bd1 Re8 13. Qg3 Qd5 14. Nxd4
Bxd4 15. Bf3 Qc5 16. Bf4 Be6 17. a4 Bd5 18. Rab1 a6 19. Rxb7 Bxb7 20. Bxb7 Rab8
21. Qf3 Bxe5 22. Bxa6 Bxf4 23. Qxf4 f6 24. d4 Qd6 25. Bc4+ Kh8 26. Qh4 Rbd8 27.
Bd3 h6 28. Qh5 Qe6 29. Qg6 Qg8 30. Qg4 Re3 31. h3 Qd5 32. Bf5 Qc4 33. Rf4 Qf7
34. Bg6 Qd7 35. Bf5 Qf7 36. Bg6 Qd5 37. h4 Kg8 38. Kh2 Kf8 39. Bh7 Qd7 40. Bf5
Qxa4 41. d5 Qe8 42. Be6 Rd6 43. Rc4 c6 44. Qf4 Rdxe6 45. dxe6 Qxe6 46. Qb8+ Kf7
47. Qc7+ Kg6 48. Rxc6 Qg4 49. Rc4 Qh5 50. Qf4 Qe5 51. Qxe5 fxe5 52. Kg1 Kf5 53.
Kf2 Re4 54. Rxc3 Rxh4 55. Rc7 Rf4+ 56. Ke3 Rg4 57. Kf3 h5 58. c4 e4+ 59. Kf2
e3+ 60. Kf3 e2 61. Rc5+ Kg6 62. Re5 Rxc4 63. Rxe2 Kf5 64. g3 Rc3+ 65. Kg2 g5
66. Ra2 Rc4 67. Ra5+ Kg4 68. Ra2 Re4 69. Rb2 1/2-1/2

[Event "2nd Edmonton International"]
[Site "Edmonton"]
[Date "2007.08.04"]
[Round "4"]
[White "Li, Zhichao"]
[Black "Khachiyan, Melikset"]
[Result "0-1"]
[WhiteElo "2143"]
[BlackElo "2490"]
[PlyCount "100"]
[EventDate "2007.08.02"]
[EventType "tourn"]
[EventRounds "9"]
[EventCountry "CAN"]
[TimeControl "6600+30"]

1. d4 Nf6 2. c4 c6 3. Nf3 d5 4. e3 g6 5. Nc3 Bg7 6. Bd3 O-O 7. O-O Bf5 8. Bxf5
gxf5 9. Qb3 Qb6 10. Qxb6 axb6 11. cxd5 Nxd5 12. Nxd5 cxd5 13. Bd2 Nc6 14. Rfc1
Ra4 15. Kf1 Rfa8 16. a3 e6 17. Bc3 b5 18. Rab1 Bf8 19. Ne1 f6 20. Nd3 Kf7 21.
Ke2 Bd6 22. Bd2 Rc4 23. g3 e5 24. dxe5 fxe5 25. Bb4 Nxb4 26. Nxb4 Bxb4 27. axb4
Ra2 28. Kf3 Ke6 29. Rc3 Rxb4 30. b3 e4+ 31. Kg2 d4 32. exd4 Rxd4 33. Kg1 Rdd2
34. Rf1 Rdc2 35. Rxc2 Rxc2 36. Ra1 Kd5 37. Ra8 Kd4 38. Rf8 Rc5 39. Rh8 Rc7 40.
Rf8 Kc3 41. b4 Kxb4 42. Rxf5 Ka4 43. Re5 b4 44. Rxe4 Ka3 45. f4 b3 46. Re5 b2
47. Rb5 Rc4 48. Rxb2 Kxb2 49. f5 Kc3 50. f6 Rc6 0-1

[Event "2nd Edmonton International"]
[Site "Edmonton"]
[Date "2007.08.04"]
[Round "4"]
[White "Reeve, Jeff"]
[Black "Kraai, Jesse"]
[Result "0-1"]
[WhiteElo "2205"]
[BlackElo "2525"]
[PlyCount "44"]
[EventDate "2007.08.02"]
[EventType "tourn"]
[EventRounds "9"]
[EventCountry "CAN"]

1. e4 e6 2. d4 d5 3. Nc3 Nf6 4. e5 Nfd7 5. f4 c5 6. Nf3 Nc6 7. Be3 cxd4 8. Nxd4
Bc5 9. Qd2 O-O 10. O-O-O a6 11. h4 Qc7 12. h5 Nxd4 13. Bxd4 b5 14. Kb1 b4 15.
Ne2 a5 16. Qe3 Ba6 17. Bxc5 Nxc5 18. Nd4 a4 19. Bxa6 Rxa6 20. Nb5 Qb6 21. Nd6
a3 22. f5 axb2 0-1

[Event "2nd Edmonton International"]
[Site "Edmonton"]
[Date "2007.08.04"]
[Round "4"]
[White "Yanayt, Eugene"]
[Black "Donaldson, John"]
[Result "1/2-1/2"]
[WhiteElo "2335"]
[BlackElo "2413"]
[PlyCount "88"]
[EventDate "2007.08.02"]
[EventType "tourn"]
[EventRounds "9"]
[EventCountry "CAN"]
[TimeControl "6600+30"]

1. e4 c5 2. Nf3 g6 3. d4 cxd4 4. Nxd4 Nc6 5. c4 Nf6 6. Nc3 d6 7. Be2 Nxd4 8.
Qxd4 Bg7 9. Be3 O-O 10. Qd2 Be6 11. f3 Qa5 12. Rc1 Rfc8 13. b3 a6 14. Na4 Qxd2+
15. Kxd2 Nd7 16. g4 f5 17. exf5 gxf5 18. h3 Rf8 19. f4 Rad8 20. Bf3 fxg4 21.
hxg4 d5 22. Ke2 dxc4 23. bxc4 b5 24. cxb5 axb5 25. Nc5 Nxc5 26. Rxc5 Bxa2 27.
Be4 h6 28. g5 Bc4+ 29. Kf3 Rc8 30. gxh6 Bf6 31. Rd1 Rxc5 32. Bxc5 Rc8 33. Bb4
Bb3 34. Rd7 Bc2 35. Bxc2 Rxc2 36. Bxe7 Bxe7 37. Rxe7 Rc6 38. h7+ Kh8 39. Rb7
Rh6 40. Rxb5 Kxh7 41. Rb7+ Kg8 42. Kg4 Kf8 43. Kf5 Rc6 44. Rd7 Ra6 1/2-1/2

[Event "2nd Edmonton International"]
[Site "Edmonton"]
[Date "2007.08.04"]
[Round "5"]
[White "Bachmann, Axel"]
[Black "Yanayt, Eugene"]
[Result "1-0"]
[WhiteElo "2466"]
[BlackElo "2335"]
[PlyCount "77"]
[EventDate "2007.08.02"]
[EventType "tourn"]
[EventRounds "9"]
[EventCountry "CAN"]
[TimeControl "6600+30"]

1. e4 c5 2. Nc3 d6 3. Nf3 Nf6 4. d4 cxd4 5. Qxd4 Nc6 6. Bb5 Bd7 7. Bxc6 Bxc6 8.
Bg5 e6 9. O-O-O Be7 10. Qd3 Qa5 11. Kb1 h6 12. Bc1 O-O 13. Nd4 Rfc8 14. f4 b5
15. e5 dxe5 16. fxe5 Ng4 17. Nxc6 Rxc6 18. Qe4 Rac8 19. Qxg4 b4 20. Bxh6 Qxe5
21. Rhe1 Qf6 22. Bf4 bxc3 23. Be5 Qh6 24. Bxc3 Rxc3 25. bxc3 Bf6 26. Rd3 Bxc3
27. Ree3 Rb8+ 28. Kc1 Rb4 29. Qh3 Rh4 30. Rd8+ Kh7 31. Qxh4 Qxh4 32. Rh3 Qxh3
33. gxh3 f5 34. Rd3 Be5 35. c4 Bf4+ 36. Kd1 e5 37. c5 e4 38. Rd5 Kg6 39. c6 1-0

[Event "2nd Edmonton International"]
[Site "Edmonton"]
[Date "2007.08.04"]
[Round "5"]
[White "Donaldson, John"]
[Black "Li, Zhichao"]
[Result "1-0"]
[WhiteElo "2413"]
[BlackElo "2143"]
[PlyCount "55"]
[EventDate "2007.08.02"]
[EventType "tourn"]
[EventRounds "9"]
[EventCountry "CAN"]
[TimeControl "6600+30"]

1. Nf3 d5 2. g3 Nf6 3. Bg2 c6 4. c4 Bf5 5. cxd5 cxd5 6. Qb3 Qc8 7. Nc3 e6 8.
O-O Nc6 9. d3 Be7 10. Bf4 O-O 11. Rac1 Qd7 12. e4 dxe4 13. dxe4 Nxe4 14. Nxe4
Bxe4 15. Ne5 Nxe5 16. Bxe4 Nc6 17. Rfd1 Qc8 18. Qa4 Rd8 19. Rxd8+ Qxd8 20. Bxc6
bxc6 21. Qxc6 a5 22. b3 Ba3 23. Rc4 Qd1+ 24. Kg2 Rd8 25. Bg5 Rd7 26. Qa8+ Bf8
27. Qxf8+ Kxf8 28. Rc8+ 1-0

[Event "2nd Edmonton International"]
[Site "Edmonton"]
[Date "2007.08.04"]
[Round "5"]
[White "Haessel, Dale"]
[Black "Aveskulov, Valeriy"]
[Result "0-1"]
[WhiteElo "2136"]
[BlackElo "2539"]
[PlyCount "112"]
[EventDate "2007.08.02"]
[EventType "tourn"]
[EventRounds "9"]
[EventCountry "CAN"]
[TimeControl "6600+30"]

1. d4 Nf6 2. c4 c5 3. d5 b5 4. cxb5 a6 5. bxa6 g6 6. Nc3 Bxa6 7. e4 Bxf1 8.
Kxf1 d6 9. Nf3 Bg7 10. g3 Nbd7 11. Kg2 O-O 12. Re1 Qa5 13. e5 Ng4 14. exd6 exd6
15. Bf4 Rfb8 16. Re2 Qa6 17. Rc1 Nge5 18. Nxe5 Nxe5 19. Bxe5 Bxe5 20. b3 Rb4
21. Rd2 Qb7 22. Rcc2 f5 23. Ne2 Ra3 24. Ng1 Kg7 25. Nf3 Bf6 26. h4 h6 27. Rc4
g5 28. Qc2 Rxc4 29. Qxc4 Qb4 30. Rc2 Qxc4 31. bxc4 g4 32. Nh2 Bd4 33. f4 Kf7
34. Nf1 h5 35. Nd2 Re3 36. Nb3 Bc3 37. Nc1 Be1 38. Ne2 Ke7 39. Rb2 Kd7 40. Kh2
Kc7 41. Kg2 Bc3 42. Rc2 Bb4 43. Rb2 Kb6 44. Nc1 Ka5 45. Rb3 Re1 46. Nd3 Re2+
47. Kf1 Rxa2 48. Nb2 Ra1+ 49. Kf2 Rb1 50. Kg2 Rc1 51. Kf2 Rc2+ 52. Kf1 Rc3 53.
Rxc3 Bxc3 54. Nd3 Ka4 55. Ke2 Kb3 56. Ne5 dxe5 0-1

[Event "2nd Edmonton International"]
[Site "Edmonton"]
[Date "2007.08.04"]
[Round "5"]
[White "Khachiyan, Melikset"]
[Black "Reeve, Jeff"]
[Result "1-0"]
[WhiteElo "2490"]
[BlackElo "2205"]
[PlyCount "65"]
[EventDate "2007.08.02"]
[EventType "tourn"]
[EventRounds "9"]
[EventCountry "CAN"]
[TimeControl "6600+30"]

1. e4 c5 2. Nf3 d6 3. d4 cxd4 4. Nxd4 Nf6 5. Nc3 g6 6. Be3 Bg7 7. f3 Nc6 8. Qd2
O-O 9. Bc4 Bd7 10. O-O-O Rc8 11. Bb3 Nxd4 12. Bxd4 b5 13. Nd5 Nxd5 14. exd5 a5
15. Bxg7 Kxg7 16. a3 Rc5 17. h4 h6 18. Rhe1 Re8 19. Re3 Qc7 20. Rde1 a4 21. Ba2
Bf5 22. c3 g5 23. hxg5 hxg5 24. Rh1 Qb7 25. f4 Rg8 26. g4 gxf4 27. Qh2 Kf8 28.
Qh6+ Ke8 29. Qxf4 Be6 30. Rh5 Bxd5 31. Bxd5 Rxd5 32. Qe4 e5 33. Rd3 1-0

[Event "2nd Edmonton International"]
[Site "Edmonton"]
[Date "2007.08.04"]
[Round "5"]
[White "Kraai, Jesse"]
[Black "Huber, Greg"]
[Result "1-0"]
[WhiteElo "2525"]
[BlackElo "2211"]
[PlyCount "93"]
[EventDate "2007.08.02"]
[EventType "tourn"]
[EventRounds "9"]
[EventCountry "CAN"]
[TimeControl "6600+30"]

1. Nf3 c5 2. c4 Nf6 3. Nc3 e6 4. g3 b6 5. Bg2 Bb7 6. O-O a6 7. e3 Qc7 8. d4 d6
9. d5 exd5 10. cxd5 Nbd7 11. e4 Be7 12. Nh4 g6 13. f4 O-O-O 14. Nf3 Ne8 15. Be3
Ng7 16. Rc1 f5 17. exf5 Nxf5 18. Bf2 h5 19. Re1 Rhe8 20. b4 Kb8 21. h3 Bf8 22.
Ng5 Ng7 23. Nce4 Be7 24. Qd3 Bxg5 25. Nxg5 Nf8 26. Rxe8 Rxe8 27. a4 a5 28. bxa5
bxa5 29. Ne4 Nd7 30. Nc3 Nf5 31. Nb5 Qb6 32. Rb1 Ba6 33. Qd1 Ka8 34. Nd4 Qc7
35. Ne6 Qa7 36. Qd2 Bc4 37. Qc3 Nb6 38. Rxb6 Qxb6 39. Qxc4 Kb8 40. Be4 Re7 41.
Qc3 Qb4 42. Qh8+ Ka7 43. Bxf5 gxf5 44. Qd8 Rb7 45. Qxd6 Qb1+ 46. Kh2 Qc2 47.
Qxc5+ 1-0

[Event "2nd Edmonton International"]
[Site "Edmonton"]
[Date "2007.08.05"]
[Round "6"]
[White "Aveskulov, Valeriy"]
[Black "Kraai, Jesse"]
[Result "1/2-1/2"]
[WhiteElo "2539"]
[BlackElo "2525"]
[PlyCount "58"]
[EventDate "2007.08.02"]
[EventType "tourn"]
[EventRounds "9"]
[EventCountry "CAN"]
[TimeControl "6600+30"]

1. e4 e6 2. d4 d5 3. Nc3 Nf6 4. e5 Nfd7 5. f4 c5 6. Nf3 Nc6 7. Be3 cxd4 8. Nxd4
Bc5 9. Qd2 O-O 10. O-O-O a6 11. Nb3 b6 12. h4 Bb7 13. Rh3 Qe7 14. h5 Rad8 15.
Nd4 Bxd4 16. Bxd4 Nc5 17. Qe1 Nxd4 18. Rxd4 f5 19. Bd3 b5 20. Nd1 Rd7 21. Qe2
b4 22. Ne3 a5 23. g4 fxg4 24. Nxg4 b3 25. Kb1 Nxd3 26. Qxd3 bxc2+ 27. Qxc2 Rc7
28. Qd2 Rfc8 29. Ne3 h6 1/2-1/2

[Event "2nd Edmonton International"]
[Site "Edmonton"]
[Date "2007.08.05"]
[Round "6"]
[White "Bachmann, Axel"]
[Black "Haessel, Dale"]
[Result "1-0"]
[WhiteElo "2466"]
[BlackElo "2136"]
[PlyCount "79"]
[EventDate "2007.08.02"]
[EventType "tourn"]
[EventRounds "9"]
[EventCountry "CAN"]
[TimeControl "6600+30"]

1. e4 e5 2. Nf3 Nf6 3. Nxe5 d6 4. Nf3 Nxe4 5. Nc3 Nxc3 6. dxc3 Be7 7. Be3 Nc6
8. Qd2 O-O 9. O-O-O Ne5 10. Kb1 Bf6 11. Nd4 Re8 12. f4 Nc6 13. h3 Nxd4 14. cxd4
Bf5 15. g4 Be4 16. Rg1 d5 17. g5 Be7 18. Bd3 Qd7 19. Bxe4 dxe4 20. Qg2 Rad8 21.
Rd2 f5 22. Qe2 c6 23. h4 b5 24. c4 a6 25. Rc1 Bb4 26. Rdc2 Rc8 27. Qd1 Red8 28.
a3 Ba5 29. h5 Bb6 30. Rd2 bxc4 31. Rxc4 Qb7 32. Qb3 Rd5 33. Rdc2 Rb5 34. Qa2
Kh8 35. a4 Rd5 36. Rxc6 Rdd8 37. Rxc8 Rxc8 38. Qe6 Rf8 39. h6 gxh6 40. gxh6 1-0

[Event "2nd Edmonton International"]
[Site "Edmonton"]
[Date "2007.08.05"]
[Round "6"]
[White "Huber, Greg"]
[Black "Khachiyan, Melikset"]
[Result "0-1"]
[WhiteElo "2211"]
[BlackElo "2490"]
[PlyCount "122"]
[EventDate "2007.08.02"]
[EventType "tourn"]
[EventRounds "9"]
[EventCountry "CAN"]
[TimeControl "6600+30"]

1. e4 c5 2. Nc3 g6 3. g3 Bg7 4. Bg2 Nc6 5. d3 Rb8 6. Be3 b5 7. Qd2 b4 8. Nd1 d6
9. Ne2 Nd4 10. O-O Qb6 11. Nc1 Nf6 12. c3 Nc6 13. Bh6 bxc3 14. bxc3 O-O 15.
Bxg7 Kxg7 16. h3 e5 17. Kh2 c4 18. dxc4 Be6 19. Ne3 Na5 20. Rd1 Nxc4 21. Nxc4
Bxc4 22. Qxd6 Qxf2 23. Nb3 Rfe8 24. Qd2 Nxe4 25. Qxf2 Nxf2 26. Rd2 Nd3 27. Be4
Bxb3 28. axb3 Nc5 29. Bd5 Nxb3 30. Bxb3 Rxb3 31. Rxa7 Re6 32. Rc7 Reb6 33. Rf2
Rf6 34. Re2 Rb5 35. Re7 Rf5 36. Kg2 Rc5 37. Re3 Kf6 38. Re8 h5 39. h4 Rd5 40.
Re2 Rd3 41. c4 Rc3 42. Rc8 Rff3 43. Rf2 Rxf2+ 44. Kxf2 Kf5 45. Rc7 f6 46. Rc6
e4 47. c5 Rf3+ 48. Kg2 Kg4 49. Re6 Rxg3+ 50. Kh2 Rc3 51. Rxf6 Rxc5 52. Rxg6+
Kxh4 53. Re6 Rc2+ 54. Kg1 Kg3 55. Kf1 Kf3 56. Rf6+ Ke3 57. Rf5 h4 58. Rh5 Kf3
59. Rf5+ Kg4 60. Re5 h3 61. Kg1 Kf4 0-1

[Event "2nd Edmonton International"]
[Site "Edmonton"]
[Date "2007.08.05"]
[Round "6"]
[White "Reeve, Jeff"]
[Black "Donaldson, John"]
[Result "0-1"]
[WhiteElo "2205"]
[BlackElo "2413"]
[PlyCount "72"]
[EventDate "2007.08.02"]
[EventType "tourn"]
[EventRounds "9"]
[EventCountry "CAN"]

1. e4 c5 2. Nf3 g6 3. d4 Bg7 4. c4 d6 5. Be2 Qb6 6. Nc3 cxd4 7. Nd5 Qa5+ 8. b4
Qd8 9. Nxd4 Nf6 10. Nxf6+ Bxf6 11. Be3 O-O 12. O-O Nc6 13. Rb1 Nxd4 14. Bxd4
Bxd4 15. Qxd4 Qb6 16. c5 dxc5 17. bxc5 Qc7 18. Bc4 Bd7 19. f4 Rad8 20. Qe3 Bc6
21. Bb3 e6 22. h4 Qe7 23. h5 Rd7 24. hxg6 hxg6 25. Rf3 Rfd8 26. Rc1 Rd4 27. Rh3
Bxe4 28. Bc2 Bxc2 29. Rxc2 Qf6 30. Rf3 Qf5 31. Rc1 Rd3 32. Qe5 Qxe5 33. fxe5
Rd1+ 34. Rf1 Rxc1 35. Rxc1 Rd5 36. Rb1 Rxc5 0-1

[Event "2nd Edmonton International"]
[Site "Edmonton"]
[Date "2007.08.05"]
[Round "6"]
[White "Yanayt, Eugene"]
[Black "Li, Zhichao"]
[Result "0-1"]
[WhiteElo "2335"]
[BlackElo "2143"]
[PlyCount "72"]
[EventDate "2007.08.02"]
[EventType "tourn"]
[EventRounds "9"]
[EventCountry "CAN"]
[TimeControl "6600+30"]

1. d4 d5 2. c4 c6 3. Nf3 Nf6 4. Qc2 g6 5. Bf4 Bg7 6. e3 Bf5 7. Qb3 Qb6 8. c5
Qxb3 9. axb3 Bxb1 10. Rxb1 O-O 11. h3 Re8 12. Be2 Nbd7 13. b4 a6 14. O-O Ne4
15. Rfe1 e5 16. Bh2 Re7 17. Bd1 exd4 18. exd4 Rae8 19. Bf4 Nf8 20. Bc2 Ne6 21.
Be3 f5 22. Rbd1 Bf6 23. g4 f4 24. Bc1 N4g5 25. Nxg5 Bxg5 26. Kg2 Bf6 27. Bb1
f3+ 28. Kg3 Nxd4 29. Rxe7 Rxe7 30. Be3 Be5+ 31. Kh4 Ne2 32. Bg5 Rf7 33. Rd2 Kg7
34. Bd3 Nd4 35. Be3 Ne6 36. g5 d4 0-1

[Event "2nd Edmonton International"]
[Site "Edmonton"]
[Date "2007.08.05"]
[Round "7"]
[White "Donaldson, John"]
[Black "Huber, Greg"]
[Result "1/2-1/2"]
[WhiteElo "2413"]
[BlackElo "2211"]
[PlyCount "27"]
[EventDate "2007.08.02"]
[EventType "tourn"]
[EventRounds "9"]
[EventCountry "CAN"]
[TimeControl "6600+30"]

1. Nf3 c5 2. c4 Nf6 3. Nc3 e6 4. e3 b6 5. d4 cxd4 6. exd4 Bb4 7. Bd3 O-O 8. O-O
Bb7 9. Bg5 h6 10. Bh4 Be7 11. Re1 d6 12. Bc2 Nbd7 13. Qd3 Re8 14. Rad1 1/2-1/2

[Event "2nd Edmonton International"]
[Site "Edmonton"]
[Date "2007.08.05"]
[Round "7"]
[White "Haessel, Dale"]
[Black "Yanayt, Eugene"]
[Result "1/2-1/2"]
[WhiteElo "2136"]
[BlackElo "2335"]
[PlyCount "74"]
[EventDate "2007.08.02"]
[EventType "tourn"]
[EventRounds "9"]
[EventCountry "CAN"]
[TimeControl "6600+30"]

1. d4 Nf6 2. g3 g6 3. Bg2 Bg7 4. e4 O-O 5. Ne2 c5 6. c3 cxd4 7. cxd4 d6 8. Nbc3
Nc6 9. d5 Ne5 10. h3 b5 11. f4 Nc4 12. b3 b4 13. Nb5 Na5 14. Be3 Ba6 15. Nbd4
Nb7 16. Nc6 Qd7 17. Rc1 e6 18. Nxb4 Bxe2 19. Qxe2 exd5 20. exd5 Rfe8 21. O-O
Ne4 22. Kh2 Nc3 23. Qd2 a5 24. Nc6 Nxa2 25. Rc4 Nb4 26. Nxb4 axb4 27. Rxb4 Rac8
28. Rc1 Nc5 29. Bf3 Qe7 30. Bf2 Rb8 31. Re1 Nxb3 32. Rxb3 Rxb3 33. Rxe7 Rxe7
34. Qd1 Ra3 35. Kg2 Rb7 36. Bd4 Ra2+ 37. Kf1 Bxd4 1/2-1/2

[Event "2nd Edmonton International"]
[Site "Edmonton"]
[Date "2007.08.05"]
[Round "7"]
[White "Khachiyan, Melikset"]
[Black "Aveskulov, Valeriy"]
[Result "1/2-1/2"]
[WhiteElo "2490"]
[BlackElo "2539"]
[PlyCount "49"]
[EventDate "2007.08.02"]
[EventType "tourn"]
[EventRounds "9"]
[EventCountry "CAN"]
[TimeControl "6600+30"]

1. e4 c5 2. Nf3 d6 3. Bb5+ Nc6 4. Bxc6+ bxc6 5. O-O e5 6. c3 f5 7. Qa4 Nf6 8.
exf5 Bxf5 9. d4 cxd4 10. cxd4 e4 11. Nh4 Bd7 12. f3 Be7 13. fxe4 Nxe4 14. Nf3
O-O 15. Nc3 Nf6 16. Bg5 Qb6 17. Bxf6 Rxf6 18. Nd5 cxd5 19. Qxd7 Bf8 20. Rac1
Rb8 21. b3 Rb7 22. Qg4 h6 23. h4 Rbf7 24. h5 Qa6 25. Rf2 1/2-1/2

[Event "2nd Edmonton International"]
[Site "Edmonton"]
[Date "2007.08.05"]
[Round "7"]
[White "Kraai, Jesse"]
[Black "Bachmann, Axel"]
[Result "1-0"]
[WhiteElo "2525"]
[BlackElo "2466"]
[PlyCount "69"]
[EventDate "2007.08.02"]
[EventType "tourn"]
[EventRounds "9"]
[EventCountry "CAN"]
[TimeControl "6600+30"]

1. Nf3 c5 2. c4 Nc6 3. d4 cxd4 4. Nxd4 g6 5. e4 Bg7 6. Be3 d6 7. Nc3 Nf6 8. Be2
O-O 9. O-O Bd7 10. Re1 Nxd4 11. Bxd4 Bc6 12. Bd3 a5 13. Qd2 Nd7 14. Bxg7 Kxg7
15. Re3 Nc5 16. Rh3 h5 17. f4 f5 18. Re1 fxe4 19. Bxe4 Nxe4 20. Nxe4 Bxe4 21.
Rxe4 e5 22. Rb3 Rf7 23. Qd5 a4 24. Rxb7 Rxb7 25. Qxb7+ Kh6 26. Re2 exf4 27. Re6
Rb8 28. Qf7 Qg5 29. h4 Qg3 30. Re7 Qxh4 31. Qg7+ Kg5 32. Re6 Kg4 33. Rxg6+ Kf5
34. Qf7+ Ke4 35. Qd5+ 1-0